Acteurs qui ont doublé un film Disney - Statistiques

Statistiques générales
  • Ce quiz a été pris 191 fois
  • Le résultat moyen est 7 sur 20
Statistiques - réponses
Personnage Doubleur % Correct
Olaf Dany Boon
80%
Mufasa Jean Réno
74%
Marin Franck Dubosc
64%
Sébastien Henri Salvador
48%
Mushu José Garcia
43%
Maui Anthony Kavanagh
42%
Philoctète Patrick Timsit
41%
Tok Muriel Robin
39%
Edna Mode Amanda Lear
30%
Carl Fredricksen Charles Aznavour
30%
Jane Porter Valérie Lemercier
28%
Flash McQueen Guillaume Canet
27%
Truc (Frères des Ours) Kad Merad
26%
Colère Gilles Lellouche
25%
Zini (Dinosaures) Djamel Debbouze
24%
Mama Odie Liane Foly
21%
Eugène Fitzherbert Romain Duris
21%
Jim Hawkins David Halliday
16%
Hector Rivera Ary Abittan
14%
Le Collectionneur (Le Voyage d'Arlo) Éric Cantona
6%
Aucun quiz correspondant
Distribution des résultats
% des personnes avec chaque résultat
Percentile par nombre de réponses
Votre historique - résultats
Vous n’avez pas pris ce quiz